| 000 | 00715nam a2200277Ia 4500 | ||
|---|---|---|---|
| 008 | 171025s9999 xx 000 0 und d | ||
| 020 | _a9781416572343 | ||
| 050 | _a613 | ||
| 050 | _bR741 2008 | ||
| 100 | _aRoizen, Michael | ||
| 245 | _aYou being beautiful : | ||
| 245 | _bthe owner's manual to inner and outer beauty / | ||
| 245 | _cby Michael Roizen, Mehmet C. Oz and Ted Spiker. | ||
| 260 | _aNew York : | ||
| 260 | _bFree Press, | ||
| 260 | _c2008 | ||
| 300 | _axi, 419 pages : | ||
| 300 | _billustrations ; | ||
| 300 | _c24cm. | ||
| 500 | _aIncludes index. | ||
| 650 | _aBeauty, Personal. | ||
| 650 | _aHealth. | ||
| 700 | _aOz, Mehmet. | ||
| 700 | _aSpiker, Ted. | ||
| 700 | _aTitle. | ||
| 999 |
_c344730 _d344730 |
||